000 01150cam a2200361 4500
008 090401t1995 xxu||||| |||| 00| 0 eng d
020 _a085406706X
035 _a(Sirsi) u62634
041 _aeng
050 _a336.39
090 _aRICS 1995/82ABCD
110 _aRoyal Institution of Chartered Surveyors
_94900
245 _aConsidering private finance for public sector works: how they do it over there: final report of a research project undertaken by Chesterton for the Department of the Environment and the Royal Institution of Chartered Surveyors.
260 _aLondon
_bRICS
_c1995
300 _a47p. ; 30cm.
350 _a7.95
650 _aAUSTRALIA
650 _aCANADA
650 _aEUROPEAN UNION
650 _aEXPENDITURE
650 _aFRANCE
650 _aNEW ZEALAND
650 _aPFI
650 _aPRIVATE FINANCE INITIATIVE
650 _aPRIVATE FINANCE
650 _aPUBLIC SECTOR
650 _aUNITED STATES
690 _aPROPERTY-PROPERTY FINANCE AND INVESTMENT
710 _aUnited Kingdom
_bDepartment of the Environment
_9982
710 _aChesterton
_92357
942 _n0
948 _c04/03/1997
999 _c94461
_d94461